000 01084nam2a22002411 4500
001 v19\rc\2018530
005 20250620003754.0
035 _a(NLR Aleph) 005099229
090 _a7375091
_c7375091
100 _a20080925d1909 |||y0rusy50 ca
101 0 _arus
102 _aRU
105 _ay z |||||
200 1 _aКнижные новости, изд. в 1908-9 гг.
210 _d1909
_aБ. м.
215 _a12 с.
461 0 _1001v19\rc\2018513
_12001#$aКаталог...$fАнтикварная книжная торговля Д.Г. Смолина-Степанова. Саратов...$v№ 47
_97374915
_aСмолин-Степанов, (Саратов)
_cСаратов
_d1903
_fАнтикварная книжная торговля Д.Г. Смолина-Степанова. Саратов...
_tКаталог...
_v№ 47
532 1 1 _aКнижные новости, изданные в тысяча девятьсот восьмом-девятом гг.
801 0 _aRU
_bNLR
_gpsbo
801 1 _aRU
_bProSoft-M
_2rusmarc
852 _aNLR
_j671/С-51
942 _cBOOK
980 _aNB